000 00669nam a2200241Ia 4500
008 220214s9999 xx 000 0 und d
100 _aSteinhoff B
245 0 _aPressure dependence of the order-to-disorder transition in polystyrene/polyisoprene and polystyrene/poly(methylphenylsiloxane)diblock copolymers
260 _bMacromolecules
_c1998
300 _a36-40
650 _aOrder-to-disorder transition
700 _aAlig I
700 _aBosecke P
700 _aDiat O
700 _aJunker M
700 _aMeier G
700 _aOser
_BR
700 _aRullmann M
700 _aStanley H B
700 _aStuhn B
700 _aWenzel M
942 _cRE
999 _c45511
_d45511